|
|
|
|
| LEADER |
01719nam a2200397 a 4500 |
| 001 |
14271701 |
| 008 |
121206s2006 nyuab b i001 0 eng |
| 010 |
|
|
|a 2006040099
|
| 020 |
|
|
|a 0821361791
|
| 020 |
|
|
|a 9780821361795
|
| 040 |
|
|
|a DNLM/DLC
|c DLC
|d NLM
|d BAKER
|d C#P
|d DLC
|d BD-DhAAL.
|
| 082 |
0 |
0 |
|a 362.1091724
|2 22
|
| 245 |
0 |
0 |
|a Disease control priorities in developing countries /
|c editors, Dean T. Jamison ... [et al.].
|
| 250 |
|
|
|a 2nd ed.
|
| 260 |
|
|
|a New York :
|b Oxford University Press ;
|a Washington, DC :
|b World Bank,
|c c2006.
|
| 300 |
|
|
|a xlii, 1401 p. :
|b ill., col. maps ;
|c 29 cm.
|
| 500 |
|
|
|a Col. maps on lining papers.
|
| 500 |
|
|
|a "Disease Control Priorities Project"--Cover.
|
| 504 |
|
|
|a Includes bibliographical references and index.
|
| 541 |
|
|
|e 00026311
|
| 650 |
|
0 |
|a Public health
|z Developing countries.
|
| 650 |
|
0 |
|a Medicine, Preventive
|z Developing countries.
|
| 650 |
|
0 |
|a Health planning
|z Developing countries.
|
| 650 |
1 |
2 |
|a Public Health
|x economics.
|
| 650 |
2 |
2 |
|a Communicable Disease Control
|x economics.
|
| 650 |
2 |
2 |
|a Cost-Benefit Analysis.
|
| 650 |
2 |
2 |
|a Developing Countries.
|
| 650 |
2 |
2 |
|a Health Planning.
|
| 650 |
2 |
2 |
|a Health Policy.
|
| 700 |
1 |
|
|a Jamison, Dean T.
|
| 710 |
2 |
|
|a World Bank.
|
| 710 |
2 |
|
|a Disease Control Priorities Project.
|
| 852 |
1 |
|
|a Ayesha Abed Library
|j General shelf.
|
| 999 |
|
|
|c 12997
|d 12997
|
| 952 |
|
|
|0 0
|1 0
|2 ddc
|4 0
|6 362_109172400000000_DIS
|7 0
|9 21524
|a JPGSPH
|b JPGSPH
|c GEN
|d 2012-12-10
|e JPGSPH
|l 0
|o 362.1091724 DIS
|p 3060026311
|r 2012-12-10
|t 1
|w 0000-00-00
|y BK
|x Available
|
| 952 |
|
|
|0 0
|1 0
|2 ddc
|4 0
|6 362_109172400000000_DIS
|7 0
|9 21525
|a JPGSPH
|b JPGSPH
|c GEN
|d 2012-12-10
|e JPGSPH
|l 0
|o 362.1091724 DIS
|p 3060026312
|r 2012-12-10
|t 2
|w 0000-00-00
|y BK
|x Available
|